LDR 00779naa#a2200181#i#450# 001 EN\INFRA-M\bibl\120794 005 20260513173504.3 011 ## _a2500-0527 100 ## _a20260427b2026####ek#y0engy0150####ca 102 ## _aRU 200 1# _aAnalytical modeling of factors affecting the growth of gross crop yields _eJournal article 210 1# _aMoscow _cINFRA-M Academic Publishing LLC. _d2026 215 ## _a7 с. 608 ## _aJournal article _2local 675 ## _aРегиональная (территориальная) экономика. Земельный (аграрный) вопрос. Жилищное хозяйство. 332 _aЭкономика. Экономические науки. 33 _z 700 #1 _aBaranova _gIrina Viktorovna 700 #1 _aKish _gKseniya Valer'evna 856 4# _anaukaru.ru _u